000 00529nam a2200193 a 4500
005 20240803063745.0
008 040226s2000 mx r 000 0 spa d
020 _a8495501511
035 _aUPN01000132223
049 _aCG
050 4 _aPQ6623 A8.5
_bT6.3
100 1 _aMarías Franco, Javier,
_d1951-
_929128
245 1 0 _aTodas las almas /
_cJavier Marías.
260 _aMadrid :
_bSuma de Letras,
_c2000.
300 _a293 p.
440 0 _aPunto de lectura ;
_v4.2
650 4 _aNovela española
_910814
905 _aLibro
999 _c104378
_d104378